000 02885cpcaa2200577 4500
001 mm 78032789
003 DLC
005 20260227111625.0
007 cr |||||||||||
008 780817|||||||||||| eng
010 _amm 78032789
_bms 65000917
040 _aDLC
_edacs
_cDLC
_dDLC
072 7 _aR
_2lcmd
100 1 _aMeyer, George von Lengerke,
_d1858-1918.
245 0 0 _aGeorge von Lengerke Meyer papers,
_f1900-1917.
300 _a50
_fitems.
300 _a4
_fcontainers.
300 _a1.6
_flinear feet.
506 0 _aOpen to research.
520 8 _aFamily correspondence, diaries, scrapbook, photographs, and other papers relating chiefly to Meyer's service as ambassador to Italy and Russia and as U.S. postmaster general, social affairs, and Meyer (Myers) family life. Subjects include national and international events, negotiations leading to peace after the Russo-Japanese War, summaries of cabinet meetings, and the Republican Party. Individuals represented include J.J. Jusserand, Henry Cabot Lodge, Elihu Root, and Theodore Roosevelt.
545 0 _aU.S. postmaster general, U.S. secretary of the navy, and ambassador to Italy and Russia.
546 _aCollection material in English.
555 8 _aFinding aid available in the Library of Congress Manuscript Reading Room and at
_uhttp://hdl.loc.gov/loc.mss/eadmss.ms013001
600 1 0 _aJusserand, J. J.
_q(Jean Jules),
_d1855-1932.
600 1 0 _aLodge, Henry Cabot,
_d1850-1924.
600 1 0 _aRoot, Elihu,
_d1845-1937.
600 1 0 _aRoosevelt, Theodore,
_d1858-1919.
600 3 0 _aMyers family.
610 1 0 _aUnited States.
_bPost Office Department.
610 2 0 _aRepublican Party (U.S. : 1854- )
650 0 _aCabinet officers
_zUnited States.
650 0 _aDiplomatic and consular service, American
_zItaly.
650 0 _aDiplomatic and consular service, American
_zRussia.
650 0 _aRusso-Japanese War, 1904-1905
_xPeace.
651 0 _aItaly
_xForeign relations
_zUnited States.
651 0 _aJapan
_xForeign relations
_zRussia.
651 0 _aRussia
_xForeign relations
_zJapan.
651 0 _aRussia
_xForeign relations
_zUnited States.
651 0 _aUnited States
_xForeign relations
_y1901-1909.
651 0 _aUnited States
_xForeign relations
_zItaly.
651 0 _aUnited States
_xForeign relations
_zRussia.
651 0 _aUnited States
_xPolitics and government
_y1901-1909.
650 0 _aCabinet officers.
600 3 4 _aMeyer family.
656 7 _aCabinet officers.
_2itoamc
656 7 _aDiplomats.
_2itoamc
856 4 _3Finding aid
_uhttp://hdl.loc.gov/loc.mss/eadmss.ms013001
856 4 _3Finding aid (PDF)
_uhttp://hdl.loc.gov/loc.mss/eadmss.ms013001.3
999 _c39964
_d39964